[Event "Titled Tuesday intern op 16th Jan Late"]
[Site "Chess.com INT"]
[Date "2024.01.16"]
[Round "2"]
[White "Novikova, Galina"]
[Black "Poddubnyi, Viktor"]
[Result "1-0"]
[WhiteElo "2073"]
[BlackElo "2304"]
[PlyCount "99"]
[EventDate "2024.01.16"]
[EventType "swiss (blitz)"]
[EventRounds "11"]
[EventCountry "USA"]
[SourceTitle "CB04_2024"]
[SourceDate "2023.10.16"]
[SourceVersion "1"]
[SourceVersionDate "2023.10.16"]
[SourceQuality "1"]

1. e4 g6 2. d4 Bg7 3. Nc3 d6 4. Be3 a6 5. Qd2 b5 6. f3 Bb7 7. 0-0-0 Nd7 8. g4 h5 9. gxh5 Rxh5 10. Nge2 Ngf6 11. Ng3 Rh7 12. Bg2 e6 13. f4 Nb6 14. b3 Qe7 15. Kb1 0-0-0 16. h3 Kb8 17. Rhe1 Nh5 18. Nxh5 Rxh5 19. Ne2 Nd7 20. Ng3 Rhh8 21. f5 gxf5 22. exf5 Bxg2 23. Qxg2 Nb6 24. fxe6 fxe6 25. Ne4 Bh6 26. Bg5 Bxg5 27. Nxg5 Rdg8 28. Rg1 Nd5 29. Rde1 Nf4 30. Qc6 Rxg5 31. Qxa6 Rhg8 32. Rgf1 Nd5 33. Qxb5+ Nb6 34. Qc6 Qe8 35. Qe4 R5g6 36. Kb2 Qd7 37. a4 Nd5 38. h4 Rg4 39. Qd3 Rxh4 40. Rf3 Rhg4 41. Ref1 Kb7 42. Rf7 Qc6 43. R1f2 Rg3 44. R7f3 Rxf3 45. Rxf3 Rg7 46. Rf2 Nb4 47. Qd2 Nd5 48. a5 Rd7 49. c3 Qb5 50. b4 1-0